Flagi państw, tylko z białym, czerwonym i zielonym kolorem - Statystyki

Ogólne statystyki
  • Ten quiz został rozwiązany 3 020 razy
  • Średni wynik to 10 z 11
Statystyki odpowiedzi
Obrazkowy Odpowiedź % Poprawnych
Białoruś
99%
Włochy
99%
Węgry
98%
Bułgaria
97%
Iran
97%
Algieria
94%
Liban
93%
Madagaskar
80%
Oman
80%
Malediwy
73%
Burundi
69%
Nie znaleziono quizów pasujących do podanych kryteriów
Rozkład punktacji
Procent ludzi z każdym wynikiem
Percentyl według liczby udzielonych odpowiedzi
Twoja historia wyników
Nie rozwiązałeś tego quizu